00980nam a2200253 a 450000100060000000300080000600500170001400800410003103500190007204000320009104100080012308200250013110000350015624500920019126000490028330000240033250001470035661000870050365000230059065000370061365000220065065000200067270000340069247149BD-RjUL20211209054251.0160807s1932 enk 000 0 eng d a(BD-RjUL)47268 aDLCcOCPdEQOdBD-RjULbeng aeng a378.54223bANC 19321 aAnderson, G.q(George),d1876-10aChristian education in India /cby Sir George Anderson and the Rt. Rev. Henry Whitehead aLondon :bMacmillan and Co., limited,c1932. aviii, 116 p.c20 cm aDevoted largely to the examination of the Report of the Commission on Christian higher education in India, and its recommendations. cf. Introd20aCommission on Christian higher education in India.bThe Christian college in India 0aChurch and college 0aUniversities and collegeszIndia 0aEducation, Higher 0aMissionszIndia1 aWhitehead, Henry,d1853-1947.